<?xml version="1.0" encoding="UTF-8"?>
<marc:record xmlns:marc="http://www.loc.gov/MARC21/slim">
   <marc:leader>00000nam a2200000 a 4500</marc:leader>
   <marc:datafield ind1="1" ind2=" " tag="100">
      <marc:subfield code="a">Klöss, Peter</marc:subfield>
      <marc:subfield code="4">trl</marc:subfield>
      <marc:subfield code="e">Übersetzer/-in</marc:subfield>
   </marc:datafield>
   <marc:datafield ind1=" " ind2=" " tag="653">
      <marc:subfield code="a">Abenteuer</marc:subfield>
   </marc:datafield>
   <marc:datafield ind1=" " ind2=" " tag="653">
      <marc:subfield code="a">Spannung</marc:subfield>
   </marc:datafield>
   <marc:datafield ind1=" " ind2=" " tag="653">
      <marc:subfield code="a">Liebe</marc:subfield>
   </marc:datafield>
   <marc:datafield ind1=" " ind2=" " tag="653">
      <marc:subfield code="a">Kassette / Kinder- und Jugendbücher/Jugendbücher ab 12 Jahre</marc:subfield>
   </marc:datafield>
   <marc:datafield ind1=" " ind2=" " tag="653">
      <marc:subfield code="a">CD</marc:subfield>
   </marc:datafield>
   <marc:datafield ind1="0" ind2="0" tag="245">
      <marc:subfield code="a">Die Tribute von Panem</marc:subfield>
   </marc:datafield>
   <marc:datafield ind1="0" ind2="0" tag="245">
      <marc:subfield code="c">Suzanne Collins. Kürzung: Antje Seibel. Regie: Frank Gustavus. Gelesen von Maria Koschny. Übers.: Sylke Hachmeister ; Peter Klöss</marc:subfield>
   </marc:datafield>
   <marc:datafield ind1=" " ind2="1" tag="264">
      <marc:subfield code="a">Hamburg</marc:subfield>
      <marc:subfield code="b">Oetinger</marc:subfield>
      <marc:subfield code="c">2013</marc:subfield>
   </marc:datafield>
   <marc:datafield ind1="1" ind2=" " tag="520">
      <marc:subfield code="a">Angaben aus der Verlagsmeldung

Die Tribute von Panem. Flammender Zorn (6 CD) : Gekürzte Audioversion, ca. 420 min. / von Suzanne Collins

Möge das Gute siegen! Möge die Liebe siegen! Schwer verletzt wurde Katniss von den Rebellen befreit und in Distrikt 13 gebracht. Doch ihre einzige Sorge gilt Peeta, der dem Kapitol in die Hände gefallen ist. Die Regierung setzt alles daran, seinen Willen zu brechen. Gale hingegen kämpft weiterhin an Katniss‘ Seite – ohne Rücksicht auf Verluste, wie Katniss erschreckt feststellt. Als sie merkt, dass die Rebellen versuchen, sie für ihre Ziele zu missbrauchen, wird ihr klar, dass sie alle nur Figuren in einem perfiden Spiel sind. Wie soll sie die schützen, die sie liebt? Das grandiose Finale der Trilogie: Katniss gegen das Kapitol. 6 CDs ohne Schuber www.dietributevonpanem.de
</marc:subfield>
   </marc:datafield>
   <marc:datafield ind1=" " ind2=" " tag="020">
      <marc:subfield code="a">9783837306927</marc:subfield>
      <marc:subfield code="9">9783837306927</marc:subfield>
   </marc:datafield>
   <marc:datafield ind1=" " ind2=" " tag="020">
      <marc:subfield code="a">3837306925</marc:subfield>
      <marc:subfield code="9">3837306925</marc:subfield>
   </marc:datafield>
   <marc:datafield ind1=" " ind2=" " tag="041">
      <marc:subfield code="a">ger</marc:subfield>
   </marc:datafield>
   <marc:datafield ind1=" " ind2=" " tag="300">
      <marc:subfield code="a">6 CDs (ca. 432 Min.)</marc:subfield>
   </marc:datafield>
</marc:record>
